000 00514nam a2200181Ia 4500
999 _c29486
_d29486
003 OSt
005 20210112122933.0
008 190216s9999||||xx |||||||||||||| ||und||
020 _a9788185315355
040 _coclc
082 _a894.81
_bSNAI/S
100 _aNair, P S
_98064
245 0 _aSampoorna Jathaka Ganitham /
_cP S Nair
260 _bVidyarambam Publication,
_aAlappuzha:
_c2006.
300 _a692p
650 _aMalayalam
942 _cBK
_2ddc
_h894.81
_iSNAI/S
_k894.81
_mSNAI/S